|
|
|
|
| LEADER |
01276nam a22003611a 4500 |
| 001 |
000035052 |
| 003 |
11312 |
| 005 |
20221205135007.0 |
| 008 |
151028s2012 000 eng |
| 041 |
|
|
|a LNN
|
| 041 |
|
|
|a eng
|
| 082 |
|
|
|a NG-M
|b 420.4
|
| 100 |
|
|
|a Nguyễn Thị Kim Mẫn
|
| 245 |
|
2 |
|a A study of adjectival fragmentary sentences in english and vietnamese /
|c Nguyễn Thị Kim Mẫn.
|
| 260 |
|
|
|c 2012.
|
| 300 |
|
|
|a 29cm :
|b 82tr;.
|
| 500 |
|
|
|a Master thesis in the English language
|
| 650 |
|
|
|a A study of adjectival fragmentary sentences in english and vietnamese;Nguyễn Thị Kim Mẫn
|
| 700 |
|
|
|a Le Tan Thi
|b Ph,D
|c huong dan
|
| 852 |
|
|
|c Luận văn Thạc sĩ
|
| OWN |
|
|
|a LNN
|
| AVA |
|
|
|a UDN50
|b LNN
|c English
|d NG-M 420.4
|e available
|t Error 5001 Not defined in file expand_doc_bib_avail.
|f 1
|g 0
|h N
|i 0
|j AN
|k 1
|
| 999 |
|
|
|a From the UDN01
|
| AVA |
|
|
|a UDN50
|b LNN
|c English
|d NG-M 420.4
|e available
|t Error 5001 Not defined in file expand_doc_bib_avail.
|f 1
|g 0
|h N
|i 0
|j AN
|k 1
|
| TYP |
|
|
|a Monograph
|
| TYP |
|
|
|a Printed language
|
| 980 |
|
|
|a Mạng thư viện Đại học Đà Nẵng
|